ბათუმის შოთა რუსთაველის სახელმწიფო უნივერსიტეტის ბიბლიოთეკა

აჭარისა და აჭარა - ლაზეთის ენდემური მცენარეული სახეობების ბიოეკოლოგიური და ფარმაკოგნოსტური კვლევა / (ბიბ.ჩანაწერი № 56926)

000 -ლიდერი
ფიქსირებული სიგრძის საკონტროლო ველი 01700nam a22002417a 4500
003 - საკონტროლო ნომრის იდენტიფიკატორი
საკონტროლო ველი Ge_BSU
005 - ბოლო ოპერაციის თარიღი და დრო
საკონტროლო ველი 20221221151829.0
008 - ფიქსირებული სიგრძის მონაცემთა ელემენტები - ზოგადი ინფორმაცია
ფიქსირებული სიგრძის საკონტროლო ველი 190625b2019 ge ||||| |||| 00| 0 geo d
041 ## - ენის კოდი
Language code of text/sound track or separate title geo
080 ## - უნივერსალური ათობითი კლასიფიკაციის ინდექსი
Universal Decimal Classification number 57 ბ-52
100 ## - მთავარი ჩანაწერი - პიროვნების სახელი
Personal name ბერიძე, დალი.
9 (RLIN) 2888
245 ## - ცნობა სათაურის შესახებ
Title აჭარისა და აჭარა - ლაზეთის ენდემური მცენარეული სახეობების ბიოეკოლოგიური და ფარმაკოგნოსტური კვლევა /
Statement of responsibility, etc დალი ბერიძე ; სამეცნ.ხელმძღ : ალიოშა ბაკურიძე ; მარიამ მეტრეველი.
264 ## - წარმოების, გამოცემის, დისტრიბუციის და სხვა ცნობები
გამოცემის, წარმოების, დისტრიბუციის... ადგილი ბათუმი :
გამოცემის, წარმოების, დისტრიბუციის... სახელწოდება ბათუმის უნ-ტი;
გამოცემის, წარმოების, დისტრიბუციის... თარიღი 2019.
300 ## - ფიზიკური აღწერა
Extent 180 გვ .:
Dimensions 30 სმ.
653 ## - INDEX TERM--UNCONTROLLED
Uncontrolled term დისერტაცია
653 ## - INDEX TERM--UNCONTROLLED
Uncontrolled term ბიოლოგია
653 ## - INDEX TERM--UNCONTROLLED
Uncontrolled term მცენარეთა ბიომრავალფეროვნება
700 ## - ADDED ENTRY--PERSONAL NAME
Personal name ბაკურიძე, ალიოშა
Relator term სამეცნიერო ხელმძღვანელი
9 (RLIN) 2889
700 ## - ADDED ENTRY--PERSONAL NAME
Personal name მეტრეველი, მარიამ
Relator term სამეცნიერო ხელმძღვანელი
9 (RLIN) 2890
710 ## - ADDED ENTRY--CORPORATE NAME
Corporate name or jurisdiction name as entry element ბათუმის შოთა რუსთაველის სახელმწიფო უნ-ტი
9 (RLIN) 2660
710 ## - ADDED ENTRY--CORPORATE NAME
Corporate name or jurisdiction name as entry element საბუნებისმეტყველო მეცნიერებათა და ჯანდაცვის ფაკულტეტი ბიოლოგიის დეპარტამენტი
9 (RLIN) 2891
942 ## - ADDED ENTRY ELEMENTS (KOHA)
Source of classification or shelving scheme
Koha item type დისერტაცია
ეგზემპლარები
ჩამოწერის სტატუსი დაკარგული ეგზემპლარის სტატუსი კლასიფიკაციის წყარო ან თაროზე გაწყობის სქემა დაზიანების სტატუსი არ გაიცემა მუდმივი მდებარეობა (დაცვის ადგილი) ამჟამინდელი ადგილსამყოფელი თაროზე განთავსების ადგილი შეძენის თარიღი სრული შენახვის შიფრი შტრიხკოდი ბოლო ოპერაციის თარიღი ეგზემპლარის მიმდევრობითი ნომერი (კეტერი?) ფასის ძალაში შესვლის თარიღი ეგზემპლარის სახეობა
        შიდა ფონდი ბათუმის შოთა რუსთაველის სახელმწიფო უნივერსიტეტის მთავარი ბიბლიოთეკა ბათუმის შოთა რუსთაველის სახელმწიფო უნივერსიტეტის მთავარი ბიბლიოთეკა წიგნსაცავი 2019-06-25 57 ბ-52 დისერტაცია 314 2019-06-25 დისერტაცია 314 2019-06-25 დისერტაცია